Lengua 9 /

Guardado en:
Autor Principal: Galdeano, Ana
Otros Autores: Leona, Pablo, Mazer, Violeta, Atorresi, Ana, coord., Gándara, Santiago, coord.
Formato: Libro
Publicado: Buenos Aires : Longseller, 2002
Materias:
Etiquetas: Agregar Etiqueta
Sin Etiquetas, Sea el primero en etiquetar este registro!
LEADER 00941nam a22002535a 4500
001 CEM.cems013205
005 20091104093546.0
008 130507s2002##################000#0#####d
003 CEMS
020 |a 9875502162 
082 0 4 |a Z468 
100 1 |a Galdeano, Ana 
245 1 0 |a Lengua 9 /  |c Ana Galdeano, Pablo Leona y Violeta Mazer ; coordinado Por Ana Atorresi y Santiago Gándara 
260 |a Buenos Aires :  |b Longseller,  |c 2002 
300 |a 200 p. + El ojo 9no. 
500 |a Para nivel 9no Educación General Básica 
505 0 |a La narración -- La descripción -- La argumentación -- La conversación -- Texto, género y tipo textual -- El léxico -- La síntaxis -- El diccionario 
653 |a Lengua 
653 |a Lengua-9º egb 
700 1 |a Leona, Pablo 
700 1 |a Mazer, Violeta 
700 1 |a Atorresi, Ana, coord. 
700 1 |a Gándara, Santiago, coord. 
859 |a CEMS  |b BIB. CEMS - 11 de abril  |h Z468  |i G149  |p 25683.09  |t Ej.1  |v 9  |3 9